000
00310nam a2200121Ia 4500
008
220204s9999 xx 000 0 und d
082
_a
910.4(410.1)
_b
HAG
100
_a
Haggart, Stanley
245
0
_a
Dollarwise guide to England
260
_a
New York
_b
Frommer
_c
1969
700
_a
Porter, Darwin
942
_c
BK
999
_c
24725
_d
24725